Legislación comparada de seguros en los países iberoamericanos/ (Registro nro. 5993)

Detalles MARC
000 -LEADER
fixed length control field 00925nam a2200217Ia 4500
003 - CONTROL NUMBER IDENTIFIER
control field OSt
005 - DATE AND TIME OF LATEST TRANSACTION
control field 20200811124251.0
008 - FIXED-LENGTH DATA ELEMENTS--GENERAL INFORMATION
fixed length control field 191128s1997 ck gr 000 0 spa d
040 ## - CATALOGING SOURCE
Original cataloging agency CO-JMCR
Transcribing agency CO-JMCR
041 0# - LANGUAGE CODE
Language code of text/sound track or separate title spa
082 04 - DEWEY DECIMAL CLASSIFICATION NUMBER
Classification number 368.002 /
Item number F227le
Edition number 23
110 1# - MAIN ENTRY--CORPORATE NAME
Corporate name or jurisdiction name as entry element Federación Interamericana de Empresas de Seguros
9 (RLIN) 8577
245 10 - TITLE STATEMENT
Title Legislación comparada de seguros en los países iberoamericanos/
Statement of responsibility, etc. Federación Interamericana de Empresas de Seguros
260 ## - PUBLICATION, DISTRIBUTION, ETC.
Place of publication, distribution, etc. Bofgotá :
Name of publisher, distributor, etc. Fasecolda,
Date of publication, distribution, etc. 1997.
300 ## - PHYSICAL DESCRIPTION
Extent 719 páginas ;
Dimensions 27 cm.
505 0# - FORMATTED CONTENTS NOTE
Formatted contents note Argentina ley 17418 -- Bolivia ley de entidades aseguradoras -- Brasil -- Colombia decreto 633 de abril 2 de 1993 -- Chile Ley sobre compañías de seguros decreto ley N°. 251 -- Ecuador -- España
650 24 - SUBJECT ADDED ENTRY--TOPICAL TERM
Topical term or geographic name entry element Entidades aseguradoras
9 (RLIN) 8578
650 24 - SUBJECT ADDED ENTRY--TOPICAL TERM
Topical term or geographic name entry element Ley de aseguradoras
9 (RLIN) 8579
650 24 - SUBJECT ADDED ENTRY--TOPICAL TERM
Topical term or geographic name entry element Seguros
General subdivision Legislación
Geographic subdivision Hispanoamérica
9 (RLIN) 8580
942 ## - ADDED ENTRY ELEMENTS (KOHA)
Source of classification or shelving scheme Dewey Decimal Classification
Koha item type Books
Existencias
Withdrawn status Lost status Source of classification or shelving scheme Materials specified (bound volume or other part) Damaged status Not for loan Home library Current library Shelving location Date acquired Source of acquisition Total Checkouts Full call number Barcode Date last seen Date last checked out Copy number Price effective from Koha item type
    Dewey Decimal Classification Donación--15/04/2018--     Biblioteca Pública José María del Castillo y Rada Biblioteca Pública José María del Castillo y Rada General Stacks 11/28/2019 Donación 1 368.002 / F227le 430011337 02/06/2025 02/05/2025 V.1 / E j.1 11/28/2019 Books
    Dewey Decimal Classification Donación--15/04/2018--     Biblioteca Pública José María del Castillo y Rada Biblioteca Pública José María del Castillo y Rada General Stacks 11/28/2019 Donación   368.002 / F227le 430011338 05/16/2024   V.2 / E j.1 11/28/2019 Books